Sociálno-ekonomické aspekty migrácie v Taliansku dizertačná práca
Na minha lista:
| Autor principal: | |
|---|---|
| Autor Corporativo: | |
| Outros Autores: | |
| Formato: | Livro |
| Idioma: | eslovaco |
| Publicado em: |
Bratislava
2009
|
| Assuntos: | |
| Tags: |
Sem tags, seja o primeiro a adicionar uma tag!
|
MARC
| LEADER | 00000nam$a2200000$$$4500 | ||
|---|---|---|---|
| 001 | 0100902 | ||
| 005 | 20240502072113.8 | ||
| 041 | 0 | |a slo | |
| 044 | |a SK | ||
| 245 | 1 | 0 | |a Sociálno-ekonomické aspekty migrácie v Taliansku |b dizertačná práca |c Zuzana Kálmanová ; škol. Ľudmila Lipková |
| 264 | 1 | |a Bratislava |c 2009 | |
| 300 | |a 208 s. | ||
| 610 | 2 | 0 | |a migrácia |
| 610 | 2 | 0 | |a Taliansko |
| 610 | 2 | 0 | |a Slovensko |
| 610 | 2 | 0 | |a trh práce |
| 610 | 2 | 0 | |a rast hospodársky |
| 100 | 1 | |a Kálmanová, Zuzana | |
| 700 | 1 | |a Lipková, Ľudmila | |
| 710 | 2 | |a Fakulta medzinárodných vzťahov EU. Katedra medzinárodných ekonomických vzťahov a hospodárskej diplomacie | |